000 00710nam a2200253 i 4500
001 C2-0241007
003 PPAK
005 20180727203538.0
008 020730s1999 flu |||| ||||| | eng d
020 _a1558747028
040 _aPPAK
_beng
_cPPAK
_erda
082 0 4 _a158.1280842
_223
090 0 0 _a158.1280842
_bCHI
_dG
245 0 0 _aChicken soup for the college soul :
264 1 _aDeerfield Beach, Florida :
_bHealth Communications, Inc. ,
_c1999
300 _axxv, 340 pages ;
_c22 cm
336 _2rdacontent
_atext
337 _2rdamedia
_aunmediated
338 _2rdacarrier
_avolume
500 _aJilid II
650 1 0 _aCollege students - Conduct of life
700 _eauthor
942 _ddc
_cB
999 _c56154
_d56154